La Interfase periurbana como escenario de cambio y acción hacia la sustentabilidad del desarrollo /
Hoy se reconocen interrelaciones fluidas e intangibles entre lo "rural" y lo "urbano", lo que afecta las percepciones disciplinares y de gestión tradicionales y convoca gradual atención sobre la interfase periurbana (IPU). Hay también un reconocimiento creciente del rol que los f...
Na minha lista:
| Autor principal: | |
|---|---|
| Formato: | Texto |
| Assuntos: | |
| Tags: |
Adicionar Tag
Sem tags, seja o primeiro a adicionar uma tag!
|
MARC
| LEADER | 00000 a a2200000 04500 | ||
|---|---|---|---|
| 001 | 4550 | ||
| 003 | |||
| 040 | |||
| 100 | |a Allen, Adriana | ||
| 245 | |a La Interfase periurbana como escenario de cambio y acción hacia la sustentabilidad del desarrollo / |c Adriana Allen | ||
| 520 | |a Hoy se reconocen interrelaciones fluidas e intangibles entre lo "rural" y lo "urbano", lo que afecta las percepciones disciplinares y de gestión tradicionales y convoca gradual atención sobre la interfase periurbana (IPU). Hay también un reconocimiento creciente del rol que los flujos dinámicos de productos, capital, recursos naturales, población y contaminación de dicha interfase juegan en la sustentabilidad de las ciudades y el campo. La combinación de cambio constante, complejas estructuras sociales, instituciones desconectadas y materialización espacial cambiante demanda un enfoque hacia la planificación y gestión ambiental de la IPU. Aquí se examinan las nuevas concepciones de la IPU, a la luz de sus problemas y oportunidades relacionadas con la sustentabilidad ambiental y la pobreza | ||
| 650 | |a AMBIENTE RURAL | ||
| 650 | |a MEDIO URBANO | ||
| 650 | |a URBANIZACION | ||
| 650 | |a USO DE LA TIERRA | ||
| 650 | |a EXPLOTACION DE RECURSOS | ||
| 650 | |a CONTAMINACION | ||
| 650 | |a PLANIFICACION AMBIENTAL | ||
| 650 | |a DESARROLLO SOSTENIBLE | ||
| 773 | |g volumen 20, número 53; páginas 1-15 | ||
| 999 | |c 31877 |d 31877 | ||
